000 00502nmm a2200169Ia 4500
008 251105s9999||||xx |||||||||||||||||und||
020 _a9788497431002
041 _aspa
100 _aTorralba, Francesc
245 0 _aCien valores para una vida plena :
_b La persona y su acción en el mundo
264 _a[Madrid, España] :
_bMilenio,
_c2009
300 _a529 páginas
490 _aEnsayo Milenio
650 _aSociology
856 _uhttps://public.digitaliapublishing.com/a/6389
942 _cCF
999 _c90501
_d90501